Aventura do passado perdido (Registo nº 29775)

Detalhes MARC
000 -Etiqueta do registo
Valores 00685cam a2200277 4500
010 ## - Número ISBN
ISBN 9724115011
021 ## - Número do Depósito Legal
-- PT
Número 76282/94
035 ## -
-- (porbase)454644
090 ## -
-- 29775
095 ## -
-- PTBN00657057
100 ## - Dados gerais de processamento
Dados gerais 20090204d1994 a y0pory5003 ba
101 0# - Língua de publicação
-- por
102 ## - País de publicação
-- PT
105 ## -
-- a z 000ay
106 ## -
-- r
200 1# - Titulo e menção de responsabilidade
Título próprio Aventura do passado perdido
Informação de outro título vida e obra de Francisco Martins Sarmento
Primeira menção de responsabilidade José Ruy
205 ## - Menção da edição
Edição 1a ed
210 ## - Publicação
Local de publicação Porto
Nome do editor Asa,
Data de publicação 1994
215 ## - Descrição física 
Paginação / Volumes 32 p.
Outras indicações físicas todo il.
Dimensões 30 cm
675 ## - CDU
Notação 087.5
Edição BN
Língua por
700 #1 - Autor principal (pessoa individual)
Apelido Rui,
Nome José,
Datas 1930-
801 #0 - Fonte de origem
País PT
Agência BN
Regras de catalogação RPC
930 ## -
-- BECRE
990 ## - Elementos KOHA
Tipo de documento Livro
995 ## - Localização e informação dos exemplares
-- 18
Exemplares
Situação do levantamento Estado Biblioteca de origem Biblioteca de empréstimo Código de barras Cota Permissão de empréstimo Tipo de documento
  Completo Biblioteca da Escola Básica e Secundária Dr Isidoro de Sousa Biblioteca da Escola Básica e Secundária Dr Isidoro de Sousa 5312EV 087.5 RUI Disponível Livro




Powered by Koha